Fictional Countries Flags - I - Statistics

General Stats
  • This quiz has been taken 8 times
  • The average score is 6 of 8
Answer Stats
Picture Answer % Correct
Hazaangwa
100%
Ngabasa
100%
Kíjanríki / Kijanriki
83%
Lothyuse
83%
Sabakurieu
83%
Kanyari / Kalyari
67%
Sakairam
67%
Khyaoruea
50%
No matching quizzes found
Score Distribution
Percent of People with Each Score
Percentile by Number Answered
Your Score History
You have not taken this quiz